000 00566nam a22001937a 4500
003 BUBTL
008 221121b ||||| |||| 00| 0 eng d
082 _a882.01/ Ae85a/ 1956
100 _94958
_aAeschylus
245 _aAgamemnon/
_cAeschylus
250 _a1st Edn.
260 _aDhaka:
_bStudent Low Cost Text Print Foundation,
_cc1956
300 _a104 p.:
_c17 cm
505 _aAgamemnon, Aeschylus, English
650 0 _91994
_aEnglish Literature
856 _k0
_l0
_yDownload
942 _2ddc
_cBK
999 _c6829
_d6829